Statistics for UFC Champions by Picture

Click here to take the quiz!

General Stats

  • This quiz has been taken 99 times
    (73 since last reset)
  • The average score is 62 of 99

Answer Stats

Answer% Correct
Daniel Cormier
95%
Jon Jones
95%
Alexander Volkanovski
94%
Brock Lesnar
94%
Conor McGregor
94%
Francis Ngannou
94%
José Aldo
94%
Leon Edwards
94%
Max Holloway
94%
Anderson Silva
92%
Georges St-Pierre
92%
Israel Adesanya
92%
Justin Gaethje
92%
Kamaru Usman
92%
Tony Ferguson
92%
Alex Pereira
90%
Aljamain Sterling
90%
Charles Oliveira
90%
Demetrious Johnson
89%
Dustin Poirier
89%
Henry Cejudo
89%
Khabib Nurmagomedov
89%
Robert Whittaker
89%
Ciryl Gane
87%
Jamahal Hill
87%
Amanda Nunes
86%
Brandon Moreno
86%
Tyron Woodley
86%
Colby Covington
84%
Eddie Alvarez
84%
Islam Makhachev
84%
Petr Yan
84%
Stipe Miocic
83%
Jiří Procházka
81%
Ronda Rousey
79%
T.J. Dillashaw
79%
Alexa Grasso
78%
Chuck Liddell
78%
Michael Bisping
78%
Alexandre Pantoja
76%
B.J. Penn
76%
Glover Teixeira
73%
Rose Namajunas
73%
Valentina Shevchenko
73%
Deiveson Figueiredo
71%
Jan Błachowicz
71%
Robbie Lawler
71%
Cain Velasquez
70%
Dominick Cruz
70%
Holly Holm
68%
Lyoto Machida
67%
Yair Rodríguez
67%
Anthony Pettis
65%
Matt Hughes
65%
Tito Ortiz
63%
Rampage Jackson
62%
Randy Couture
62%
Cris Cyborg
60%
Ricco Rodriguez
60%
Rafael dos Anjos
59%
Luke Rockhold
57%
Chris Weidman
56%
Frankie Edgar
54%
Julianna Peña
54%
Benson Henderson
51%
Maurício Rua
51%
Jéssica Andrade
49%
Junior dos Santos
48%
Rashad Evans
48%
Forrest Griffin
46%
Johny Hendricks
44%
Mark Coleman
44%
Renan Barão
44%
Carla Esparza
43%
Frank Mir
43%
Vitor Belfort
43%
Fabrício Werdum
41%
Joanna Jędrzejczyk
40%
Andrei Arlovski
38%
Carlos Condit
37%
Kevin Randleman
37%
Miesha Tate
37%
Frank Shamrock
32%
Bas Rutten
30%
Jens Pulver
29%
Rich Franklin
29%
Antônio Rodrigo Nogueira
27%
Germaine de Randamie
27%
Shane Carwin
27%
Carlos Newton
22%
Tim Sylvia
22%
Sean Sherk
21%
Josh Barnett
19%
Maurice Smith
19%
Pat Miletich
19%
Nicco Montaño
17%
Dave Menne
16%
Evan Tanner
14%
Murilo Bustamante
14%

Score Distribution

Percentile by Number Answered

Percent of People with Each Score

Your Score History

You have not taken this quiz since the last reset